[Event "ICS Rated standard match"]
[Site "207.99.83.229"]
[Date "1999.07.01"]
[Round "?"]
[White "Hossa"]
[Black "Botvinik"]
[Result "1-0"]
[WhiteElo "2242"]
[BlackElo "1904"]
[Annotator "Fritz 5.32 (22s)"]
[PlyCount "89"]

1. e4 1... e6 {Opening = C05 - 3.Nd2 Nf6(4.e5 Nfd7 5.Bd3 c5 6.c3 Nc6 7---)} 2.
d4 d5 3. Nd2 Nf6 4. e5 Nfd7 5. Ngf3 c5 6. c3 Nc6 7. Bb5 (7. Bd3 Be7 (7... Qb6
8. O-O g6 9. Re1 Bg7 10. c4 Nxd4 11. cxd5 exd5 12. Nxd4 cxd4 13. Qf3 Nc5 14. b3
Nxd3 15. Qxd3 Bf5 16. Qf3 Qa5 17. Qf4 d3 18. b4 Qc7 19. Bb2 O-O 20. Rac1 Qe7
21. g4 Qh4 22. h3 {Gruene,N-Grimm,S/Lohmar GER 1999/0-1 (41)}) 8. O-O h6 9. Re1
O-O 10. Nf1 f5 11. exf6 Nxf6 12. Ng3 Bd6 13. a3 cxd4 14. cxd4 Bd7 15. Bc2 Ne7
16. Ne5 Be8 17. Qd3 Bxe5 18. dxe5 Bg6 19. Qe2 Nd7 20. f4 Rc8 21. Bxg6 21...
Nxg6 {Smirin,I-Nikolic,P/Paris PCA\Intel-GP 1994/0-1 (31)}) 7... Qb6 8. Bxc6
$15 (8. Qa4 a6 9. Bxc6 9... bxc6 $11) (8. Qb3 cxd4 9. Bxc6 bxc6 10. Qxb6 axb6
11. cxd4 Ba6 12. a3 c5 13. dxc5 Nxc5 14. Kd1 Nd3 15. Kc2 Nxf2 16. Re1 Bd3+ 17.
Kb3 Bc5 18. Nf1 O-O 19. Be3 Rfc8 20. N3d2 Ng4 21. Bxc5 bxc5 22. Ka2 22... Ra7 {
Staggat,R-Moeldner,J/Wiesbaden op 1988/0-1 (41)}) 8... Qxc6 $11 (8... bxc6 9.
Nb3 $11) 9. O-O b6 10. Nb3 Ba6 11. Re1 Be7 12. dxc5 bxc5 13. Ng5 $15 (13. Bg5
13... Bf8 $11) 13... O-O $11 (13... h6 14. Qh5 O-O 15. Nf3 $15) 14. Qg4 Bd3 15.
Nf3 Bf5 16. Qg3 16... f6 {Befestigt g5} 17. Bh6 {Es droht Matt} 17... Rf7 18.
exf6 Bxf6 19. Bg5 Raf8 20. Rad1 Bxg5 21. Nxg5 Rf6 22. Na5 Qb6 23. Nc4 {
Weiss erhaelt starke Initiative} 23... Qc6 24. Qd6 $15 {
Der rueckstaendige e6 wird zum Brennpunkt} (24. Ne3 Rg6 25. Qh4 25... h6 $15)
24... Qb5 $14 (24... Nb8 $5 {ist eine gute Alternative} 25. Qxc6 25... Nxc6 $11
) 25. Ne3 Nb6 26. b3 {Deckt a4+c4} 26... h6 27. Nxf5 27... exf5 {
Die Oeffnung der e-Linie verschafft Weiss Drohungen} 28. Ne6 Re8 29. Nc7 {
Im Brennpunkt: d5} 29... Rxd6 30. Nxb5 ({Jedoch nicht} 30. Rxe8+ 30... Qxe8 {
Schwarz kann das gewonnene Material nicht behalten} 31. Nxe8 31... Rd7 $17)
30... Rde6 $16 (30... Rxe1+ $5 $142 {ist nicht von der Hand zu weisen} 31. Rxe1
31... Rd7 $11) 31. Rxe6 Rxe6 32. Nxa7 {Der Freibauer a2 greift sofort ein}
32... Re2 $18 (32... Re7 33. Nc6 Re6 34. Nd8 $16) 33. a4 Rb2 34. a5 Nd7 35. Kf1
Nf6 36. Nc6 36... Ra2 $18 (36... Ne4 37. Ne7+ Kf7 38. Nxd5 Rxf2+ 39. Kg1 $16)
37. b4 $16 (37. f3 37... Kf8 $16) 37... cxb4 $18 (37... Ne4 $5 $16) 38. cxb4
Kf8 (38... Kf7 39. Re1 $18) 39. Ke1 Ke8 40. b5 Kd7 41. a6 Kc7 42. Nb4 Ra5 (
42... Rb2 43. Nxd5+ Nxd5 44. Rxd5 $18) 43. Nxd5+ Nxd5 44. Rxd5 g6 (44... Ra1+
45. Ke2 Ra2+ 46. Ke3 f4+ 47. Kf3 47... g5 $18) 45. b6+ (45. b6+ Kxb6 46. Rxa5
$18) 1-0

[Event "ICS Rated blitz match"]
[Site "207.99.83.229"]
[Date "1999.07.02"]
[Round "?"]
[White "Hossa"]
[Black "knightmare51"]
[Result "1/2-1/2"]
[WhiteElo "2429"]
[BlackElo "2242"]
[Annotator "Fritz 5.32 (22s)"]
[PlyCount "193"]

1. d4 1... Nf6 {Opening = D37 - 4.Nf3 ---} 2. c4 e6 3. Nc3 d5 4. Nf3 Be7 5. Bf4
O-O 6. e3 c6 7. Be2 Nbd7 8. O-O dxc4 9. Bxc4 Nd5 (9... b5 10. Bd3 Bb7 11. Rc1
a6 12. Ne4 Nxe4 13. Bxe4 Rc8 14. Ne5 Nxe5 15. Bxe5 Qd7 16. h4 f6 17. Bg3 c5 18.
Bxb7 Qxb7 19. dxc5 Bxc5 20. Qb3 Kf7 21. Rc3 Be7 22. Rfc1 Rxc3 23. Qxc3 Rd8 24.
f3 {Novak,P-Schlecht,D/2.BLW9697 KKS Koeln-Plettenberg 1997/ - (40)}) 10. Nxd5
$146 (10. Bg3 b5 11. Bb3 N7f6 12. Qd3 Qb6 13. e4 Nxc3 14. bxc3 c5 15. Bc2 c4
16. Qe2 Qa5 17. Bh4 g6 18. Qd2 Qd8 19. Rfe1 Kg7 20. Bg5 Ng8 21. Bxe7 Qxe7 22.
a4 Bd7 23. axb5 Bxb5 24. Ne5 24... Rfb8 {
Efim,B-Wahltuch,V/London (England) 1922/1-0 (49)}) 10... cxd5 11. Bd3 Nb6 12.
Rc1 Bd6 13. Bxd6 Qxd6 14. Ng5 g6 15. Qg4 f5 16. Qh4 h5 17. Nf3 Kg7 18. Qg3 Qxg3
19. fxg3 Rf7 20. Ne5 Re7 21. Be2 Kf6 22. Rc2 Bd7 23. Rfc1 Be8 24. Bf3 g5 25.
Be2 g4 26. a3 a6 27. b3 Bb5 28. Bd1 Nd7 29. a4 Bc6 30. Nxc6 bxc6 31. Rxc6 Nb8
32. Rc7 Ra7 33. Rxa7 Rxa7 34. b4 Rb7 35. Rb1 Nd7 36. Be2 a5 37. b5 Nb6 38. Bd1
Rc7 39. Kf2 e5 40. Bb3 Rc3 41. Rb2 e4 42. Ke2 Ke6 43. h3 Kd6 44. Kf2 Rc7 45.
Rc2 Rxc2+ 46. Bxc2 Nc4 47. h4 Nb6 48. Bb3 Nc8 49. Ke2 Nb6 50. Kd2 Nc8 51. Kc1
Nb6 52. Kc2 Nc8 53. Kb2 Nb6 54. Kc3 Nc8 55. Bc2 Nb6 56. Kd2 Nc8 57. Ke1 Nb6 58.
Bb3 Nd7 59. Ke2 Nb6 60. Bc2 Kc7 61. Bd1 Kd6 62. Kf1 Kc7 63. Ke1 Kd6 64. Be2 Kc7
65. Kd2 Kd6 66. Kc2 Kc7 67. Kb3 Kd6 68. Ka3 Nd7 69. Bd1 Nb6 70. Bb3 Kc7 71. Ka2
Kd7 72. Ka1 Kd6 73. Kb1 Ke7 74. Kc2 Kf6 75. Kd2 Ke6 76. Kc2 Kd6 77. Kd1 Kd7 78.
Ke1 Kd6 79. Kf1 Nd7 80. Kg1 Nb6 81. Bc2 Nd7 82. Bd1 Nb6 83. Bb3 Kd7 84. Bd1 Kd6
85. Bb3 Kd7 86. Bd1 Kc7 87. Kh2 Kd6 88. Kh1 Nd7 89. Bc2 Nb6 90. Kh2 Kc7 91. Bb3
Kd6 92. Kh1 Kd7 93. Bc2 Kd6 94. Kh2 Kd7 95. Kg1 Ke7 96. Kh1 Ke6 97. Kg1 1/2-1/2

[Event "ICS rated blitz match"]
[Site "207.99.83.229"]
[Date "1999.07.02"]
[Round "?"]
[White "Hossa"]
[Black "Skeletor"]
[Result "1/2-1/2"]
[WhiteElo "2421"]
[BlackElo "2246"]
[PlyCount "114"]

1. d4 f5 2. Nc3 d5 3. Nf3 Nf6 4. e3 e6 5. Bb5+ Bd7 6. O-O Bb4 7. Bd3 Ne4 8. Bd2
Nxd2 9. Qxd2 Nc6 10. a3 Bxc3 11. Qxc3 Qe7 12. b4 a6 13. Qd2 O-O 14. c4 dxc4 15.
Bxc4 Rad8 16. Rac1 Be8 17. Bb3 Bh5 18. Rxc6 bxc6 19. Ne5 Qd6 20. Nd3 f4 21.
Nxf4 Bf7 22. Qc3 Rb8 23. Rc1 Rb6 24. Qb2 Rd8 25. Kh1 Rdb8 26. Rc5 Re8 27. Qc2
h6 28. Qe4 g5 29. Nd3 Qe7 30. Ne5 Bh5 31. Qf5 Kg7 32. Qh3 Be2 33. Kg1 h5 34.
Bc2 h4 35. f3 Rg8 36. Qg4 Rb5 37. Ng6 Qf7 38. Rxg5 Rxg5 39. Qxg5 Qf6 40. Qxh4
Qxh4 41. Nxh4 a5 42. bxa5 Ra8 43. Kf2 Bc4 44. Ng6 c5 45. Ne5 Bd5 46. e4 Ba2 47.
dxc5 Rxa5 48. Nd7 Rxa3 49. Kg3 Bc4 50. c6 Ra2 51. Bb1 Rb2 52. Ne5 Bf1 53. Bd3
Rxg2+ 54. Kh3 Re2+ 55. Kg3 Rg2+ 56. Kh3 Re2+ 57. Kg3 57... Rg2+ {
Game drawn by repetition} 1/2-1/2

[Event "ICS Rated standard match"]
[Site "207.99.83.229"]
[Date "1999.07.02"]
[Round "?"]
[White "Krell"]
[Black "Hossa"]
[Result "1-0"]
[WhiteElo "2399"]
[BlackElo "2246"]
[PlyCount "118"]

1. e4 c5 2. Nf3 d6 3. d4 cxd4 4. Nxd4 Nf6 5. Nc3 Nc6 6. Bg5 e6 7. Qd2 a6 8.
O-O-O Bd7 9. f4 h6 10. Bh4 Nxe4 11. Qe1 Nf6 12. Bxf6 Qxf6 13. Nd5 Qd8 14. Nf5
Rc8 15. Nc3 Qf6 16. g4 Nb4 17. Bd3 Rxc3 18. bxc3 Nxa2+ 19. Kb2 Nb4 20. Bc4 d5
21. Bxd5 Nxd5 22. Rxd5 Bc6 23. Re5 Kd8 24. Nd4 Bd7 25. Qe4 Kc7 26. Ka1 Bd6 27.
Ra5 Rg8 28. Rb1 Rb8 29. f5 e5 30. Nf3 Bc6 31. Qe3 Re8 32. Qb6+ Kd7 33. Qa7 Rd8
34. Qe3 Kc8 35. Nd2 e4 36. Nc4 Bxh2 37. Nb6+ Kc7 38. Qc5 Bg3 39. Rb3 h5 40.
gxh5 Rd1+ 41. Ka2 Bf4 42. Nc4 Rc1 43. Kb2 Re1 44. Qf2 Bc1+ 45. Ka2 Rd1 46. Qh2+
Kd7 47. Qb8 Qd8 48. Ne5+ Ke8 49. Nxc6 bxc6 50. Qe5+ Qe7 51. Qxg7 Bf4 52. h6 Qc7
53. Rxa6 Be5 54. f6 Rd8 55. c4 Rd2 56. h7 Kd7 57. h8=Q Kd6 58. Qgf8+ Ke6 59.
Qh3+ 59... Kxf6 {Hossa resigns} 1-0

[Event "ICS Rated standard match"]
[Site "207.99.83.229"]
[Date "1999.07.02"]
[Round "?"]
[White "robbok1"]
[Black "Hossa"]
[Result "1-0"]
[WhiteElo "2483"]
[BlackElo "2237"]
[PlyCount "148"]

1. e4 c5 2. Nf3 e6 3. d4 cxd4 4. Nxd4 Nc6 5. Nc3 Nf6 6. Ndb5 d6 7. Bf4 e5 8.
Bg5 a6 9. Na3 Be7 10. Bxf6 Bxf6 11. Nc4 Nd4 12. Ne3 O-O 13. Ncd5 Bg5 14. c3 Nc6
15. Be2 Bxe3 16. Nxe3 Qh4 17. Bf3 Be6 18. O-O Rad8 19. Qe2 Ne7 20. Rfd1 Rd7 21.
g3 Qh6 22. Bg2 f5 23. exf5 Nxf5 24. Nd5 Qg6 25. b3 Rdf7 26. f4 Nxg3 27. hxg3
Qxg3 28. Qe1 Qg6 29. fxe5 Bh3 30. Qe4 Qg3 31. Rd2 dxe5 32. Qe3 Qxe3+ 33. Nxe3
Bxg2 34. Kxg2 Rf6 35. Re1 e4 36. Nd5 Rg6+ 37. Kh1 Re8 38. Rd4 Rg5 39. c4 Rge5
40. Re3 R8e6 41. Kh2 Kf7 42. Nc3 Rh5+ 43. Kg2 Rg5+ 44. Kf2 Rf6+ 45. Ke1 Rg1+
46. Kd2 Rg2+ 47. Re2 e3+ 48. Kxe3 Rxe2+ 49. Nxe2 Re6+ 50. Kd3 Re7 51. Ng3 g6
52. Rf4+ Kg7 53. Ne4 a5 54. Kd4 h5 55. Rf2 Re6 56. c5 Rc6 57. a3 Rc7 58. Nd6
Rd7 59. Kd5 Re7 60. b4 axb4 61. axb4 h4 62. Rh2 Rd7 63. Ke6 Rd8 64. Rxh4 Rb8
65. Kd7 Kf6 66. Kc7 Rg8 67. Kxb7 Rg7+ 68. Kb6 Rg8 69. b5 g5 70. Rg4 Ke6 71. Kc6
Ra8 72. Rxg5 Kf6 73. Rg2 Ra1 74. Re2 74... Kg6 {Hossa resigns} 1-0

[Event "ICS rated standard match"]
[Site "207.99.83.229"]
[Date "1999.07.02"]
[Round "?"]
[White "Hossa"]
[Black "OHFish"]
[Result "1-0"]
[WhiteElo "2231"]
[BlackElo "1942"]
[PlyCount "69"]

1. d4 Nf6 2. c4 e5 3. dxe5 Ng4 4. Nf3 Nc6 5. Bf4 Bb4+ 6. Nbd2 Qe7 7. e3 Ngxe5
8. Be2 d6 9. O-O O-O 10. Nb3 Re8 11. a3 Bc5 12. Nxc5 dxc5 13. Nxe5 Nxe5 14. Qb3
b6 15. Bxe5 Qxe5 16. Bf3 Rb8 17. Rad1 Bb7 18. Bxb7 Rxb7 19. Rd7 h5 20. Qd1 g6
21. Rxf7 Kxf7 22. Qf3+ Kg7 23. Qxb7 h4 24. Qxa7 h3 25. gxh3 Rh8 26. Rd1 Rxh3
27. Rd7+ Kh6 28. Qxc7 Qg5+ 29. Kf1 Qf5 30. Rf7 Qb1+ 31. Kg2 Rh4 32. Rh7+ Kg5
33. f4+ Kg4 34. Qd7+ Qf5 35. Qd1# {OHFish checkmated} 1-0

[Event "ICS rated blitz match"]
[Site "207.99.83.229"]
[Date "1999.07.02"]
[Round "?"]
[White "Talmoves"]
[Black "Hossa"]
[Result "1-0"]
[WhiteElo "2627"]
[BlackElo "2414"]
[Annotator "Fritz 5.32 (22s)"]
[PlyCount "120"]

1. c4 1... c5 {Opening = 5.0-0 e6 6.Nc3 Be7 7.d4 cd4 8.Qd4} 2. Nf3 Nf6 3. Nc3
e6 4. g3 b6 5. Bg2 Bb7 6. O-O Be7 7. d4 cxd4 8. Qxd4 d6 9. Rd1 a6 10. b3 Nc6 (
10... Nbd7 11. Bb2 O-O 12. e4 Qc7 13. Rac1 Rac8 14. Qe3 Rfe8 15. Nd4 Bf8 16.
Qd2 Qb8 17. Re1 Nc5 18. Re2 Rcd8 19. Rce1 Ba8 20. b4 Ncd7 21. f4 Ne5 22. fxe5
dxe5 23. Nd5 exd5 24. Nf5 Nxe4 25. Qc1 f6 26. cxd5 Nd6 27. Nxd6 Qxd6 28. a3 Rc8
29. Rc2 Rxc2 30. Qxc2 Bb7 31. Be4 Rc8 32. Qd3 g6 33. g4 b5 34. Rc1 Bh6 35.
Rxc8+ Bxc8 36. h3 Bb7 37. Kf1 Kf7 38. Bc3 Bg7 39. Bd2 f5 40. gxf5 gxf5 41. Qf3
f4 42. Be3 Qh6 43. Bc5 Bc8 44. Kg2 Qg5+ 45. Kf1 Qh4 46. Kg2 Qg5+ 47. Kf1 Qh4
48. Kg2 {- Knoll,H-Brandstaetter,F/Aschach AUT 1998 (48)}) 11. Qf4 O-O (11...
Qc7 12. Ba3 Rd8 13. Rac1 Na7 14. e4 O-O 15. h3 Rfe8 16. Qe3 Nc8 17. e5 dxe5 18.
Bxe7 Qxe7 19. Nxe5 Bxg2 20. Kxg2 Qc7 21. Ne2 Ne7 22. g4 h6 23. Nd4 Rd6 24. Rd3
Nd7 25. Nef3 Ng6 26. Rcd1 {Anic,D-Sellos,D/French Teams, FRA 1996/1-0 (73)})
12. Ba3 {Steigert den Druck auf den Bauern d6} 12... d5 13. cxd5 $146 (13. Bxe7
Nxe7 14. Ne5 Qb8 15. cxd5 Nexd5 16. Nxd5 Bxd5 (16... exd5 17. Nd3 Re8 18. e3
Qxf4 19. Nxf4 Rad8 20. Rac1 Kf8 21. Rc7 Re7 22. Rdc1 Ne8 23. R7c2 Nf6 24. Ne2
Ne4 25. Nd4 Nc5 26. Bf1 a5 27. a3 g6 28. Bb5 Rd6 29. b4 axb4 30. axb4 Ne6 31.
Nxe6+ Rdxe6 32. Bc6 Re4 33. b5 Rb4 34. Rd1 Bxc6 35. bxc6 Rc4 36. Rb2 {
- Sieg,U-Dankert,P/2BLN 1989 (36)}) 17. Bxd5 Nxd5 18. Qd4 Qb7 19. Rac1 Rac8 20.
Rxc8 Qxc8 21. Rd2 h6 22. e4 Nf6 23. f3 Qc1+ 24. Rd1 Qc7 25. Nc4 b5 26. Nd6 Rd8
27. Kg2 e5 28. Qd2 Ne8 29. Nxe8 Rxd2+ 30. Rxd2 Qa5 31. Rc2 Qd8 32. Nc7 Qd3 33.
Rf2 g6 34. b4 f5 35. exf5 Qd6 36. Ne6 gxf5 37. Nc5 a5 38. a3 axb4 39. axb4 Qd4
40. Re2 Kf7 41. Ra2 Qxb4 42. Ra7+ Ke8 43. Ne6 Qc4 44. Nc7+ Kd8 45. Na6 45...
Qe2+ {0-1 Salo,T-Tolonen,L/JSM95/96 , SalSK-JyS 1995 (45)}) 13... exd5 14. Bxe7
Nxe7 15. Rac1 Rc8 16. e3 Ng6 17. Qd4 {Wird der Isolani fallen?} 17... Ne4 (
17... Re8 18. Nd2 $14) 18. Bh3 Rxc3 19. Rxc3 Nxc3 20. Qxc3 Qe7 21. Rc1 Re8 22.
Bf5 Ba8 23. Qd4 b5 24. b4 Kh8 25. Bc8 $14 (25. Qb6 Ne5 26. Nd4 Nc4 27. Qxa6
Qxb4 28. Qxb5 28... Qf8 $16) 25... Bb7 26. Bxb7 {
Nun geraet Schwarz unter starken Druck.} 26... Qxb7 27. Rc5 Ne7 (27... Rd8 28.
Ne5 $14) 28. Ng5 Kg8 29. Qd3 f5 (29... g6 30. Qc3 $16) 30. Qd4 $14 (30. Ne6 Qd7
31. Nc7 31... Rb8 $18) 30... Qd7 31. Qe5 Nc6 32. Qc3 Rc8 33. Nh3 Ne7 34. Rxc8+
Nxc8 35. Nf4 Ne7 36. Qe5 36... Kf7 $2 $18 (36... g6 $16 $142) 37. Nh5 Qe6 38.
Qxg7+ Ke8 39. Nf6+ Kd8 40. Qf8+ Kc7 41. Qxe7+ $1 {
und der Wal spuckt Jonas wieder aus} 41... Qxe7 42. Nxd5+ Kd7 43. Nxe7 Kxe7 44.
Kg2 Kd6 (44... Kf6 {hilft allerdings auch nicht} 45. Kf3 Ke5 46. h3 $18) 45.
Kh3 Kd5 46. g4 fxg4+ 47. Kxg4 47... h6 {
Der Freibauer e3 fuehrt schnell zu Drohungen} 48. Kh5 Ke5 (48... Kc4 {
aendert den traurigen Lauf der Dinge nicht} 49. e4 $18) 49. Kxh6 {
Der Freibauer h2 greift sofort ein} 49... Kf6 50. h4 Kf7 51. e4 Kf6 52. f4 $1 {
die Entscheidung} 52... Kf7 53. e5 Ke6 54. Kg6 {
Weiss entwickelt eine toedliche Initiative} 54... Kd5 55. h5 a5 56. h6 a4 57.
h7 Kc4 58. h8=Q {Droht Matt} 58... Kxb4 59. e6 {Mit der Mattdrohung e7} 59...
Ka3 (59... Kc4 {nuetzt auch nichts mehr} 60. e7 a3 61. e8=Q Kd3 62. Qxb5+ Ke3
63. Qb3+ Ke2 64. Qh2+ Ke1 65. Qb1#) 60. Qc3+ $18 (60. e7 b4 61. e8=Q b3 62. Qc3
Kxa2 63. Qxa4+ Kb1 64. Qaxb3#) 60... Kxa2 1-0

[Event "ICS rated blitz match"]
[Site "207.99.83.229"]
[Date "1999.07.02"]
[Round "?"]
[White "Hossa"]
[Black "occam"]
[Result "0-1"]
[WhiteElo "2407"]
[BlackElo "2361"]
[PlyCount "101"]

1. d4 d5 2. c4 dxc4 3. e4 b5 4. Nc3 c6 5. Bg5 Nf6 6. a3 Nbd7 7. Nf3 h6 8. Be3
e6 9. Rc1 Bb7 10. Be2 Be7 11. O-O O-O 12. Rc2 a5 13. Bd2 Nb6 14. Bc1 b4 15. e5
b3 16. Rd2 Nfd5 17. Ne4 Nf4 18. Re1 Nxe2+ 19. Rdxe2 Na4 20. Rd2 Qd5 21. Re3
Rab8 22. Nc3 Nxc3 23. Rxc3 a4 24. Re2 c5 25. Be3 Rfd8 26. Rd2 cxd4 27. Bxd4 Qb5
28. Qe1 Bf8 29. Ba7 Rbc8 30. Bd4 Be7 31. Qe2 Qc6 32. Qf1 Qc7 33. Qe2 Bf8 34.
Qe3 Qc6 35. Re2 Be7 36. Qf4 Rd7 37. Qg4 Qb5 38. Nd2 Kh8 39. Kh1 Kh7 40. Rg3 g6
41. Nb1 Rcd8 42. Qf4 f5 43. Rh3 g5 44. Nc3 Rxd4 45. Qc1 Qc6 46. f3 R8d7 47. Re1
Rd2 48. Re2 Rxe2 49. Nxe2 Rd5 50. Rh5 Rxe5 51. Nc3 {Hossa resigns} 0-1

[Event "ICS Rated blitz match"]
[Site "207.99.83.229"]
[Date "1999.07.02"]
[Round "?"]
[White "Beadle"]
[Black "Hossa"]
[Result "1/2-1/2"]
[WhiteElo "2443"]
[BlackElo "2373"]
[PlyCount "242"]

1. d4 d5 2. c4 dxc4 3. e3 b5 4. a4 bxa4 5. Bxc4 Nf6 6. Nf3 a3 7. Nxa3 e6 8. Nb5
c6 9. Nxa7 Bb4+ 10. Bd2 Bxd2+ 11. Nxd2 Bb7 12. O-O O-O 13. Qb3 Qc7 14. Ra3 Nbd7
15. f3 e5 16. Ne4 exd4 17. exd4 Rae8 18. Re1 Ba8 19. Kh1 Qf4 20. g3 Qf5 21. Qd3
Kh8 22. g4 Qf4 23. Qe3 Qc7 24. Qd2 Re7 25. Nxf6 Nxf6 26. g5 Nh5 27. Rxe7 Qxe7
28. Qe3 Qd8 29. b4 f6 30. Ra6 Bb7 31. Ra5 fxg5 32. Rxg5 Nf4 33. Rg4 Nh3 34. Re4
Qb8 35. Rh4 Qxa7 36. Rxh3 Qa1+ 37. Qg1 Qxg1+ 38. Kxg1 Rf4 39. Bd3 Rxd4 40. Bxh7
Rxb4 41. Be4+ Kg8 42. Rh5 Rd4 43. Rc5 Rd6 44. Kf2 Kf7 45. f4 Re6 46. Ke3 Ke8
47. h3 Kd7 48. Kf3 Kd6 49. Rc2 Rh6 50. Rg2 Rxh3+ 51. Kf2 Kc5 52. Rxg7 Kb6 53.
Rg6 Rc3 54. f5 Kc5 55. f6 Kd6 56. f7+ Ke7 57. Rf6 Kf8 58. Bg6 c5 59. Rb6 Rf3+
60. Ke2 Bd5 61. Rd6 Bb7 62. Bh5 Rf5 63. Rd8+ Kg7 64. Ke3 Kh6 65. f8=R Rxh5 66.
Rd7 Rh3+ 67. Kd2 Rh2+ 68. Kc3 Rh3+ 69. Kc4 Rh4+ 70. Kxc5 Rh5+ 71. Kd4 Rb5 72.
Rff7 Bc8 73. Rde7 Bg4 74. Kc4 Rb1 75. Re5 Kg6 76. Rf4 Bh3 77. Rf3 Bg4 78. Rf2
Rc1+ 79. Kd5 Rd1+ 80. Kc5 Rc1+ 81. Kd4 Rd1+ 82. Kc3 Rc1+ 83. Kb3 Rc8 84. Rf4
Bd1+ 85. Kb4 Bc2 86. Rb5 Ra8 87. Kc3 Ra4 88. Rb6+ Kg5 89. Rf2 Be4 90. Rb5+ Kg4
91. Rf7 Ra3+ 92. Kd4 Rf3 93. Re7 Bf5 94. Rg7+ Kf4 95. Rf7 Kg4 96. Re5 Rf4+ 97.
Kd5 Bd3 98. Rg7+ Kf3 99. Re1 Bc4+ 100. Kc5 Bd3 101. Rd7 Rc4+ 102. Kd5 Rb4 103.
Rf7+ Rf4 104. Rc7 Kf2 105. Re5 Rf8 106. Kd4 Be2 107. Rc2 Rd8+ 108. Ke4 Rd3 109.
Rf5+ Ke1 110. Rf7 Kd1 111. Rfc7 Ke1 112. Rh7 Bf1 113. Rg7 Rd2 114. Rc1+ Rd1
115. Rcc7 Rd8 116. Rg3 Kd2 117. Rg4 Bd3+ 118. Ke5 Re8+ 119. Kf6 Rf8+ 120. Ke7
Rf5 121. Rc8 121... Re5+ {Game drawn by the 50 move rule} 1/2-1/2

[Event "ICS rated bullet match"]
[Site "207.99.83.229"]
[Date "1999.07.02"]
[Round "?"]
[White "Hossa"]
[Black "Beadle"]
[Result "1-0"]
[WhiteElo "2481"]
[BlackElo "2425"]
[PlyCount "69"]

1. b3 e5 2. Bb2 Nc6 3. e3 d5 4. Bb5 f6 5. Ne2 Bg4 6. O-O Qd7 7. f3 Bf5 8. e4
dxe4 9. fxe4 Bxe4 10. Nbc3 Bg6 11. d4 O-O-O 12. Bxc6 Qxc6 13. a4 Bc5 14. Nb5 a6
15. b4 Bb6 16. Na3 Qxa4 17. Qd2 Kb8 18. c4 c5 19. bxc5 Bxc5 20. Qe3 exd4 21.
Bxd4 Bd6 22. Ba7+ Ka8 23. Nb5 Qxc4 24. Bb6 Bxh2+ 25. Kxh2 Re8 26. Qc5 Qxc5 27.
Bxc5 Rxe2 28. Rfd1 Nh6 29. Rd7 Ng4+ 30. Kg3 h5 31. Bd6 Re3+ 32. Kh4 Ra3 33.
Rxa3 Bd3 34. Rxa6+ bxa6 35. Ra7# {Beadle checkmated} 1-0

[Event "ICS rated bullet match"]
[Site "207.99.83.229"]
[Date "1999.07.02"]
[Round "?"]
[White "Beadle"]
[Black "Hossa"]
[Result "1-0"]
[WhiteElo "2412"]
[BlackElo "2494"]
[PlyCount "73"]

1. e4 e6 2. d4 d5 3. e5 c5 4. c3 Qb6 5. Nf3 Bd7 6. a4 cxd4 7. cxd4 Bb4+ 8. Nc3
Nc6 9. Be3 Nge7 10. Bd3 Rc8 11. O-O Bxc3 12. bxc3 Qa5 13. Bd2 Qc7 14. Re1 Ng6
15. Ng5 O-O 16. Qh5 h6 17. Nxf7 Rxf7 18. Qxg6 Kf8 19. Qh7 Na5 20. Bg6 Be8 21.
c4 Nc6 22. Qh8+ Ke7 23. cxd5 exd5 24. e6 Kf6 25. Bd3 Re7 26. Bxh6 Bh5 27. h4
Be2 28. Rxe2 Rxe6 29. Bg5+ Kf7 30. Qh5+ Kf8 31. Rxe6 Qf7 32. Qg4 Kg8 33. Rf6
Qc7 34. Qe6+ Qf7 35. Qxf7+ Kh8 36. Rh6+ gxh6 37. Bf6# {Hossa checkmated} 1-0

[Event "ICS Rated bullet match"]
[Site "207.99.83.229"]
[Date "1999.07.02"]
[Round "?"]
[White "Hossa"]
[Black "Beadle"]
[Result "0-1"]
[WhiteElo "2474"]
[BlackElo "2432"]
[PlyCount "86"]

1. b3 e5 2. Bb2 Nc6 3. e3 d5 4. Bb5 f6 5. Ne2 Bf5 6. O-O Qd7 7. f4 exf4 8. Bxc6
bxc6 9. Nxf4 Bd6 10. Qh5+ g6 11. Qe2 Bxc2 12. Qa6 Be5 13. Bxe5 fxe5 14. Na3 Bf5
15. Nh5 Rc8 16. Ng3 Ne7 17. e4 dxe4 18. Rf2 Qd4 19. Qf1 O-O 20. Nc2 Qd3 21. Qc1
Be6 22. Rf1 Rf4 23. Re1 Rd8 24. Nf1 Rdf8 25. Ng3 Nd5 26. Ne3 R8f6 27. Nc4 Nb6
28. Ne3 Bd7 29. Nd1 Nd5 30. Ne3 Rf7 31. Nc4 Nb6 32. Ne2 Nxc4 33. Nxf4 Qd4+ 34.
Kh1 Nxd2 35. Ne2 Qd3 36. Qc5 Nf3 37. gxf3 Qxf3+ 38. Kg1 Bh3 39. Nf4 Rxf4 40.
Qc4+ Kg7 41. Qxe4 Rxe4 42. Re2 Rg4+ 43. Rg2 43... Qxg2# {Hossa checkmated} 0-1

[Event "ICS Rated standard match"]
[Site "207.99.83.229"]
[Date "1999.07.02"]
[Round "?"]
[White "Amateur"]
[Black "Hossa"]
[Result "1/2-1/2"]
[WhiteElo "2360"]
[BlackElo "2282"]
[PlyCount "176"]

1. e4 e6 2. d3 c5 3. g3 d5 4. exd5 exd5 5. Bg2 Nf6 6. Nc3 Nc6 7. Bf4 Be7 8. Nf3
O-O 9. O-O Bg4 10. h3 Be6 11. Nb5 Qd7 12. Nc7 Rad8 13. Nxe6 fxe6 14. Qe2 Bd6
15. Be3 e5 16. Rae1 Rde8 17. Nh2 Nd4 18. Qd1 Qa4 19. Ng4 Qxa2 20. Nxf6+ Rxf6
21. Qa1 Qxa1 22. Bxd5+ Kh8 23. Rxa1 Nxc2 24. Rxa7 b5 25. Bxc5 Bxc5 26. Rc7 Ne3
27. fxe3 Bxe3+ 28. Kg2 Rxf1 29. Kxf1 Bd4 30. Rb7 Bxb2 31. Rxb5 Rf8+ 32. Kg2 Bd4
33. h4 Rf2+ 34. Kh3 Rb2 35. Ra5 Rb8 36. Ra6 g6 37. Rc6 Rd8 38. Bc4 Rd7 39. Rc8+
Kg7 40. g4 h6 41. Rg8+ Kh7 42. Rb8 h5 43. g5 Re7 44. Bd5 Rg7 45. Rf8 Bc3 46.
Rf6 Be1 47. Rc6 Bf2 48. Rf6 Be1 49. Be4 Bc3 50. Bc6 Bd2 51. Bf3 Rd7 52. Be4 Rg7
53. Bc6 Bb4 54. Be4 Bc3 55. Rc6 Bd4 56. Kg3 Bg1 57. Rf6 Be3 58. Rc6 Bg1 59. Kf3
Bd4 60. Ke2 Bg1 61. Rf6 Bd4 62. Bd5 Bc3 63. Re6 Rd7 64. Be4 Rg7 65. Rc6 Bd4 66.
Rf6 Ba1 67. Bc6 Bd4 68. Be8 Rg8 69. Bc6 Rg7 70. Bg2 Rd7 71. Rc6 Rb7 72. Bd5 Rd7
73. Bh1 Rf7 74. Bf3 Ra7 75. Bd5 Rd7 76. Bf3 Rf7 77. Rd6 Ra7 78. Be4 Rg7 79. Rf6
Ba1 80. Bd5 Bc3 81. Kf2 Ba1 82. Rc6 Rd7 83. Be4 Bd4+ 84. Kf3 Rg7 85. Ke2 Bg1
86. Rf6 Bd4 87. Bc6 Ra7 88. Be4 88... Rg7 {Game drawn by repetition} 1/2-1/2